000 00711cam a2200229 a 4500
001 2090057
005 20180827082014.0
008 951206s1997 nyua b 001 0 eng
010 _a 95050969
020 _a0070290016 (acidfree paper)
040 _aDLC
_cDLC
_dDLC
041 _aeng
080 _a658.1511
082 0 0 _a658.1511
_220
100 1 _a62
101 _aKON
245 1 0 _aManagerial accounting /
_cRonald W. Hilton.
504 _aIncludes bibliographical references and indexes.
906 _a7
_bcbc
_corignew
_d1
_eocip
_f19
_gy-gencatlg
942 _2ddc
_cBK
999 _c47352
_d47352